Pensamientos y reflexiones

Na minha lista:
Detalhes bibliográficos
Autor principal: Hallet Collard, Carlos (autor)
Formato: Livro
Idioma:espanhol
Publicado em: Antofagasta Universitarias 2004
Assuntos:
Tags: Adicionar Tag
Sem tags, seja o primeiro a adicionar uma tag!

MARC

LEADER 00000nam a2200000 a 4500
001 UCK3895
003 CL-VaPUC
008 050513e20040000CL |||||||||||||||||spa|d
020 |a 9562872017 
082 0 4 |a 808.882  |b HAL  |2 21 
100 |a Hallet Collard, Carlos  |e autor  |9 814651 
245 1 0 |a Pensamientos y reflexiones 
300 |a 63 p 
942 |c BK 
945 |d 20050513 00:00:00  |a cmena 
260 |a Antofagasta  |b Universitarias  |c 2004 
650 0 |a Aforismos   |9 369442 
650 0 |a Educación religiosa   |9 308312 
650 0 |a Educación moral  |9 308319 
583 |a last modification  |c 20050513 00:00:00  |k Rodrigo Vera 
999 |c 312940  |d 312938 
952 |0 0  |1 0  |4 0  |6 808_882000000000000_HAL_2004  |7 0  |8 A  |9 383844  |a BIBTEO  |b BIBTEO  |d 2019-11-22  |i 4092120  |o 808.882 HAL 2004  |p 4092120  |r 2025-01-17  |w 2019-11-22  |y BK  |k ICR